000 00721nam a2200193 i 4500
001 149422
003 ES-MaACL
005 20230906203109.0
007 t|
008 071022s1968 sp |||| |bspa d
100 1 _aVarela Hervías, Eulogio.
_9113159
245 1 0 _aFrancisco Fabro de Bremundans (1621-1698)
_b: conferencia leída el 9 de mayo con motivo del cincuentenario de la Hemeroteca Municipal de Madrid /
_cpor Eulogio Varela Hervás.
260 _aMadrid :
_b[s.n.],
_c1968 (
_fArtes Gráficas Municipales)
300 _a26 p. ;
_c21 cm.
600 1 4 _aFabro Bremundan, Francisco.
_948579
710 2 _aHemeroteca Municipal de Madrid.
_94560
852 _aES-MaACL
_j2066-F-14
852 _aES-MaACL
_j2071-F-22
999 _c149422
_d149422